Resúmenes : congreso de investigación educativa en SNII.
Salvato in:
| Enti autori: | , |
|---|---|
| Natura: | Atti del Convegno Libro |
| Lingua: | spagnolo |
| Soggetti: | |
| Tags: |
Nessun Tag, puoi essere il primo ad aggiungerne!!
|
MARC
| LEADER | 00000cam^a2200000uu^4500 | ||
|---|---|---|---|
| 001 | 000461758 | ||
| 005 | 20250521000000.0 | ||
| 008 | 050901s1993^^^^^^^^^^^^rd^r^1000^0^spa^d | ||
| 009 | 20260310124232.231 | ||
| 035 | |a FCE 000004258 | ||
| 035 | |a FCE 016861 | ||
| 037 | |a Acervo ITESO - Biblioteca | ||
| 041 | |a spa | ||
| 082 | 0 | 4 | |a 370.0901 |b CIIr |
| 111 | |a Resúmenes : |c Querétaro, México) |d (24-26 nov. 1993 : |e congreso de investigación educativa en SNII : | ||
| 245 | 1 | 0 | |a Resúmenes : |b congreso de investigación educativa en SNII. |
| 264 | |a México : |b CIIDET, |c 1993. | ||
| 300 | |a 146 p. | ||
| 336 | |a texto |b txt |2 rdacontenido | ||
| 337 | |a sin mediación |b n |2 rdamedio | ||
| 338 | |a volumen |b nc |2 rdasoporte | ||
| 649 | |a XX | ||
| 650 | |a Tecnología educativa | ||
| 650 | |a Estrategias de la educación | ||
| 650 | |a Deserción escolar | ||
| 650 | |a Educación tecnológica | ||
| 650 | |a Administración | ||
| 650 | |a Evaluación de la enseñanza | ||
| 650 | |a Enseñanza-aprendizaje | ||
| 650 | |a Evaluación institucional | ||
| 650 | |a Resumen analítico | ||
| 650 | |a Docencia | ||
| 650 | |a Instituto tecnológico | ||
| 650 | |a Formación de docentes | ||
| 650 | |a Investigación educativa | ||
| 650 | |a Educación técnica | ||
| 710 | |a Centro Interdisciplinario de Investigación y Docencia en Educación Técnica (CIIDET) | ||
| 910 | |a Fondo Centro de Estudios Educativos | ||
| 920 | |a Impresos - Libros | ||
| 930 | |a Fondos Especiales | ||
| 905 | |a 133 | ||
| 901 | |a ALE016861 |b IT2 |c CEE |u 20250521 | ||
| 902 | |a https://opac.biblio.iteso.mx/vufind/Record/000461758 | ||